000 00905nam a22002297a 4500
999 _c12869
_d12869
005 20251125232838.0
008 s2546 th tha d
020 _a9749531272
040 _aNALT
041 _atha
050 _aDS578.32
_bท338ต 2546
100 0 _aอธิวัฒน์ ทรัพย์ไพฑูรย์
245 1 0 _aตระกูลชินวัตร
260 3 _aกรุงเทพฯ :
_bวรรณสาส์น,
_c2546
300 _a288 หน้า :
_bภาพประกอบ ;
_c 21 ซม.
650 0 4 _aทักษิณ ชินวัตร -- ชีวประวัติ
650 0 4 _aนามสกุล -- ชินวัตร
850 _aNALT
856 4 0 _uhttps://hdl.handle.net/20.500.14156/386518
_71
942 _cGB
_2lcc
_01
998 _j8
_k นายบัณฑิต อุทาวงค์